Statistiken für Länder mit den Anfangsbuchstaben A-G

Klicken Sie hier um das Quiz zu spielen!

Allgemein

  • Dieses Quiz wurde 172 mal gespielt
  • Das Durchschnittsergebnis liegt bei 41 aus 58

Antwortstatistiken

Land% Korrekt
Belgien
93%
Deutschland
90%
Albanien
88%
Chile
88%
Frankreich
88%
Andorra
87%
China
87%
Dänemark
87%
Armenien
84%
Estland
84%
Finnland
84%
Ägypten
83%
Argentinien
82%
Algerien
81%
Afghanistan
80%
Brasilien
80%
Aserbaidschan
78%
Australien
78%
Ghana
76%
Dominikanische Republik
74%
Fidschi
73%
Angola
72%
Griechenland
72%
Belarus
71%
Bolivien
71%
Eritrea
71%
Bulgarien
70%
Äthiopien
69%
Bangladesch
69%
Bhutan
69%
Bosnien und Herzegowina
69%
Dschibuti
69%
Georgien
69%
Guatemala
69%
Guinea
69%
Guyana
68%
Benin
67%
Ecuador
66%
Antigua und Barbuda
65%
Bahamas
65%
Bahrain
65%
Belize
64%
Barbados
63%
Gabun
63%
Gambia
63%
Guinea-Bissau
63%
Botswana
62%
Burundi
62%
Äquatorial-Guinea
61%
Costa Rica
61%
Eswatini
59%
Brunei
58%
Burkina Faso
58%
Dominica
58%
Elfenbeinküste
57%
Grenada
55%
El salvador
51%
Demokratische Republik Kongo
42%

Verteilung der Resultate

Perzentil nach korrekt beantworteten Fragen

Anzahl Personen mit jedem Resultat

Ihre Resultats-Entwicklung

Sie haben dieses Quiz noch nicht gespielt